1200 1331 1088 1944 1893 1287 1353 1613 1986 1260 1698 1732 1696 1837 1801 1126 1167 1874 1972 1930 1728 1468 1439 1188 1584 1865 1913 1931 1415 1250 1911 1216 1835 1335 1909 1671 1481 1718 1219 1344 1355 1083 1806 1875 1781 1436 1503 1771 1744 1143 1370 1289 1953 1772 1913 1975 1324 1534 1071 1351 1535 1545 1441 1374 1420 1837 1332 1642 1132 1457 1528 1312 1489 1983 1256 1413 1120 1829 1273 1746 1721 1484 1709 1337 1538 1886 1225 1919 1044 1273 1234 1091 1644 1916 1122 1611 1245 1896 1220 BCNSPRNW ULIB Ver.6.0+V

เปลี่ยนเป็นภาษาไทย

Change to English
 แสดงรายละเอียดบรรณานุกรม
  กลับหน้าหลัก

Brief Record : Get Marc (ISO 2709) : E-mail record : QR code < ปิดหน้าต่าง
LEADER : 00000nam 2200000uu 4500
001    13399126883
003     ULIB
008    190826s2561||||th 000 0 tha d
020    ^a9786164261204
060    ^aWY152.5^bก226
100    ^aจรัญ สายะสถิตย์, บรรณาธิการ
245    ^aการพยาบาลผู้ป่วยวิกฤตหัวใจ = Cardiac critical care nursing
250    ^aพิมพ์ครั้งที่ 2
260    ^aพิษณุโลก :^bมหาวิทยาลัยนเรศวร,^c2561
300    ^a171 หน้า :^bภาพประกอบ ;^c26 ซม.
650    ^aการพยาบาลผู้ป่วยวิกฤต
650    ^aหัวใจ -- โรค -- การรักษา
945    ^p390^l0^i27481
945    ^p390^l0^i27485
945    ^p390^l0^i27484
945    ^p390^l0^i27483
945    ^p390^l0^i27482
999    ^aกัณชพร จุลอักษร
รายการนี้ยังไม่มีแท็ก
คุณยังไม่ได้ล็อกอิน คุณสามารถมีกิจกรรมร่วมกับเว็บไซต์ได้ แต่ต้องล็อกอินก่อน ::
  ล็อกอิน

รายการสื่อสารสนเทศ

ลำดับที่ ประเภท เลขเรียก/บาร์โค้ด สถานที่ สถานะ
1. หนังสือสำรอง
หนังสือสำรอง
WY152.5 ก226 ฉ.1 
  Barcode: 27481
ห้องสมุดวิทยาเขตนครสวรรค์
►หนังสือทั่วไป:l:General Books
บนชั้น
2. วิทยาศาสตร์การแพทย์ และสุขภาพ
วิทยาศาสตร์การแพทย์ และสุขภาพ
WY152.5 ก226 ฉ.2 
  Barcode: 27482
ห้องสมุดวิทยาเขตนครสวรรค์
►หนังสือทั่วไป:l:General Books
บนชั้น
3. วิทยาศาสตร์การแพทย์ และสุขภาพ
วิทยาศาสตร์การแพทย์ และสุขภาพ
WY152.5 ก226 ฉ.3 
  Barcode: 27483
ห้องสมุดวิทยาเขตนครสวรรค์
►หนังสือทั่วไป:l:General Books
บนชั้น
4. วิทยาศาสตร์การแพทย์ และสุขภาพ
วิทยาศาสตร์การแพทย์ และสุขภาพ
WY152.5 ก226 ฉ.4 
  Barcode: 27484
ห้องสมุดวิทยาเขตนครสวรรค์
►หนังสือทั่วไป:l:General Books
บนชั้น
5. วิทยาศาสตร์การแพทย์ และสุขภาพ
วิทยาศาสตร์การแพทย์ และสุขภาพ
WY152.5 ก226 ฉ.5 
  Barcode: 27485
ห้องสมุดวิทยาเขตนครสวรรค์
►หนังสือทั่วไป:l:General Books
บนชั้น

รายการใกล้เคียง
    ชื่อเรื่อง [การพยาบาลผู้ป่วยวิกฤตหัวใจ = Cardiac critical care nursing]

    ผู้แต่ง [จรัญ สายะสถิตย์, บรรณาธิการ]

    หัวเรื่อง [การพยาบาลผู้ป่วยวิกฤต]
    หัวเรื่อง [หัวใจ -- โรค -- การรักษา]

BibComment


ยังไม่เคยถูกคอมเมนท์

คอมเมนท์ทรัพยากรรายการนี้
  คอมเมนท์: การพยาบาลผู้ป่วย..


 Copyright 2026. Bcnsprnw @Library